000 00485nam a2200169Ia 4500
005 20250508150840.0
008 008 250505s9999 xx 000 0 eng d
037 _aTextual
040 _aFEDL
_beng
_cFEDL
041 _aeng
_2eng
084 _a650.7, HOL
_qFEDL
245 0 _aTeaching of commercial subjects
260 _aMelbourne, Austraila
_bSir Isaac Pitman and Sons, Ltd.
_c1921
300 _avii,128p.
942 _cTEXL
_h650.7, HOL
999 _c1326081
_d1326081